Saturday Night Live Cast (images) Quiz Stats

 Plays Quiz not verified by Sporcle

Score 0/40 Timer 07:00
0 Plays Today
Number Cast Member % Correct
1Chevy Chase
92.7%
7Eddie Murphy
92.5%
24Adam Sandler
90.8%
36Tina Fey
88.5%
21Chris Rock
87.3%
6Bill Murray
86.2%
23David Spade
85.5%
3John Belushi
84.6%
30Will Ferrell
84.6%
22Chris Farley
82.6%
34Jimmy Fallon
81.2%
20Mike Myers
80.8%
32Tracy Morgan
78.1%
16Dana Carvey
77.7%
37Amy Poehler
71.1%
2Dan Aykroyd
71%
8Julia Louis-Dreyfus
67.1%
14Jon Lovitz
65.7%
19Rob Schneider
65.5%
11Robert Downey Jr.
65.1%
Number Cast Member % Correct
38Seth Meyers
64.7%
26Norm MacDonald
64.4%
39Kenan Thompson
64%
29Molly Shannon
63.7%
17Phil Hartman
63.1%
33Chris Kattan
63%
40Kristen Wiig
60.8%
5Gilda Radner
60.6%
12Damon Wayans
59.2%
18Kevin Nealon
58.1%
35Rachel Dratch
58.1%
25Tim Meadows
57.8%
4Jane Curtin
56.8%
27Cheri Oteri
55.9%
31Darrell Hammond
54.4%
13Al Franken
54.2%
9Martin Short
53.7%
28Colin Quinn
50.2%
15Dennis Miller
49.1%
10Joan Cusack
47.2%

You're not logged in!

Compare scores with friends on all Sporcle quizzes.
OR
Log In

You Might Also Like...

Show Comments

Extras

Top Quizzes Today


Score Distribution

Your Account Isn't Verified!

In order to create a playlist on Sporcle, you need to verify the email address you used during registration. Go to your Sporcle Settings to finish the process.

Report this User

Report this user for behavior that violates our Community Guidelines.

Details: